| 000 | 00589nam a22001937a 4500 | ||
|---|---|---|---|
| 003 | OSt | ||
| 005 | 20251009024522.0 | ||
| 008 | 251009b |||||||| |||| 00| 0 eng d | ||
| 020 | _a978-971-27-2848-8 | ||
| 040 |
_aDWCL-Main lib. _cOC |
||
| 082 | _aFil. 899.2117 C236p 2013 | ||
| 100 | _aNoreen Capili | ||
| 245 |
_aParang kayo pero hindi _cNoreen Capili |
||
| 260 |
_aMandaluyong City, Phils. : _b Anvil Publishing, _c c2013. |
||
| 300 |
_ax, 112 pages ; _c21 cm. |
||
| 650 | _a1. Hunorous stories, Filipino. | ||
| 650 | _a2. Filipino wit and humor. | ||
| 942 |
_2ddc _cBK - FIL _kFil. _n0 |
||
| 999 |
_c4757 _d4757 |
||